Juárez : (Registro nro. 229154)

Detalles MARC
000 -LEADER
fixed length control field 02163nam a2200457Ii 4500
001 - CONTROL NUMBER
control field DIGBN03912
003 - CONTROL NUMBER IDENTIFIER
control field NyNyDIG
006 - FIXED-LENGTH DATA ELEMENTS--ADDITIONAL MATERIAL CHARACTERISTICS
fixed length control field m o d
007 - PHYSICAL DESCRIPTION FIXED FIELD--GENERAL INFORMATION
fixed length control field cr |||||||||||
008 - FIXED-LENGTH DATA ELEMENTS--GENERAL INFORMATION
fixed length control field 100625s2006 sp ob 000 0bspa d
020 ## - INTERNATIONAL STANDARD BOOK NUMBER
Canceled/invalid ISBN 8497424581
020 ## - INTERNATIONAL STANDARD BOOK NUMBER
Canceled/invalid ISBN 9788497424585
035 ## - SYSTEM CONTROL NUMBER
System control number (OCoLC)663885778
040 ## - CATALOGING SOURCE
Original cataloging agency DGITA
Language of cataloging eng
Description conventions pn
Transcribing agency DGITA
041 1# - LANGUAGE CODE
Language code of text/sound track or separate title spa
Language code of original eng
043 ## - GEOGRAPHIC AREA CODE
Geographic area code n-mx---
050 14 - LIBRARY OF CONGRESS CALL NUMBER
Classification number F1233.J8 eBook
100 1# - MAIN ENTRY--PERSONAL NAME
Personal name Hamnett, Brian R.
240 10 - UNIFORM TITLE
Uniform title Juárez.
Language of a work Spanish
245 10 - TITLE STATEMENT
Title Juárez :
Remainder of title el benemérito de las Américas /
Statement of responsibility, etc. Brian Hamnett ; traducción de Michel Angstadt.
264 #1 - PRODUCTION, PUBLICATION, DISTRIBUTION, MANUFACTURE, AND COPYRIGHT NOTICE
Place of production, publication, distribution, manufacture Madrid :
Name of producer, publisher, distributor, manufacturer Biblioteca Nueva,
Date of production, publication, distribution, manufacture, or copyright notice 2006.
300 ## - PHYSICAL DESCRIPTION
Extent 1 online resource (248 pages)
336 ## - CONTENT TYPE
Content type term text
Content type code txt
Source rdacontent
337 ## - MEDIA TYPE
Media type term computer
Media type code c
Source rdamedia
338 ## - CARRIER TYPE
Carrier type term online resource
Carrier type code cr
Source rdacarrier
490 1# - SERIES STATEMENT
Series statement Perfiles del poder ;
Volume/sequential designation 12.
500 ## - GENERAL NOTE
General note Translation of: Juárez. London ; New York : Longman, 1994.
504 ## - BIBLIOGRAPHY, ETC. NOTE
Bibliography, etc. note Includes bibliographical references and chronology.
505 0# - FORMATTED CONTENTS NOTE
Formatted contents note Prólogo -- Abreviaturas -- I. México en el siglo XIX: en el mundo de Juárez -- II. Los orígenes provinciales: Juárez y Oaxaca -- III. Juárez y el liberalismo -- IV. Juárez, la Constitución de 1857 y el colapso del régimen liberal -- V. Juárez y la Iglesia Católica -- VI. Juárez y los gobernadores de los Estados -- VII. Juárez y los Estados Unidos -- VIII. Juárez y las potencias europeas -- IX. El último período de Juárez: partido, Constitución y poder -- X. Juárez, los hermanos Díaz y la Revuelta de La Noria -- Conclusión -- Ensayo bibliográfico -- Cronología -- Glosario -- Notas biográficas.
600 10 - SUBJECT ADDED ENTRY--PERSONAL NAME
Personal name Juárez, Benito,
Dates associated with a name 1806-1872.
650 #0 - SUBJECT ADDED ENTRY--TOPICAL TERM
Topical term or geographic name entry element Presidents
Geographic subdivision Mexico
Form subdivision Biography.
651 #0 - SUBJECT ADDED ENTRY--GEOGRAPHIC NAME
Geographic name Mexico
General subdivision History
Chronological subdivision 19th century.
655 #0 - INDEX TERM--GENRE/FORM
Genre/form data or focus term Electronic books.
700 1# - ADDED ENTRY--PERSONAL NAME
Personal name Angstadt, Michel.
791 2# -
-- Digitalia (Firm),
-- distributor.
793 0# -
-- Digitalia eBook Collection:
-- Biblioteca Nueva
830 #0 - SERIES ADDED ENTRY--UNIFORM TITLE
Uniform title Colección "Perfiles del poder" ;
Volume/sequential designation 12.
856 40 - ELECTRONIC LOCATION AND ACCESS
Materials specified Digitalia Hispánica
Uniform Resource Identifier <a href="https://www.digitaliapublishing.com/a/43/">https://www.digitaliapublishing.com/a/43/</a>
910 ## - USER-OPTION DATA (OCLC)
User-option data Premium Collection: 2007-2012
942 ## - ADDED ENTRY ELEMENTS (KOHA)
Koha item type Recurso Electrónico
Existencias
Withdrawn status Lost status Damaged status Not for loan Collection Home library Current library Date acquired Total checkouts Date last seen Price effective from Koha item type
        Digitalia Ebooks Hispanica Biblioteca Digital UIN Biblioteca Digital UIN 04/25/2025   04/25/2025 04/25/2025 Recurso Electrónico

CONTACTO


NOSOTROS


SITIOS DE INTERES

coordinacion.biblioteca.biblioteca@unienlinea.mx Misión, Visión y Objetivos Bases de datos
Directorio Bibliotecas Digitales y Repositorios
Normatividad Revistas y artículos
Convenios interbibliotecarios
Boletines



Hecho en México. Universidad Insurgentes (UIN). Todos los derechos reservados 2024. Esta página y sus contenidos pueden ser reproducidos con fines no lucrativos, siempre y cuando no se mutile, se cite la fuente completa y su dirección electrónicas. De otra forma requiere permiso previo por escrito de la institución




2024 Copyright Universidad Insurgentes | www.bibliouin.com.mx